[Event "Ruhrgebiet VK1 0708"]
[Site "Germany"]
[Date "2008.03.09"]
[Round "7.6"]
[White "Klepner, Waletin"]
[Black "Rohel, Markus"]
[Result "0-1"]
[WhiteElo "1408"]
[BlackElo "1993"]
[PlyCount "62"]
[EventDate "2007.09.16"]
[EventType "team"]
[EventRounds "9"]
[EventCountry "GER"]
[SourceTitle "EXT 2009"]
[Source "ChessBase"]
[SourceDate "2008.11.26"]
[SourceVersion "1"]
[SourceVersionDate "2008.11.26"]
[SourceQuality "1"]
[WhiteTeam "Altstadt RE"]
[BlackTeam "Oberhausen II"]
[WhiteTeamCountry "GER"]
[BlackTeamCountry "GER"]

1. c4 e5 2. e3 Nc6 3. a3 g6 4. Nc3 Bg7 5. d3 d6 6. h3 f5 7. Nf3 Nf6 8. Be2 0-0 9. 0-0 h6 10. Nd5 Ne7 11. Nxf6+ Bxf6 12. e4 f4 13. Nh2 h5 14. b4 Be6 15. Bb2 c5 16. b5 Kh7 17. Bf3 Ng8 18. Re1 Nh6 19. Nf1 Qe8 20. Kh2 Bd8 21. Bc3 Qf7 22. Kg1 Ng8 23. a4 Nf6 24. a5 g5 25. Nh2 Rg8 26. Kf1 g4 27. hxg4 hxg4 28. Be2 Qh5 29. Kg1 Rg6 30. Nxg4 Nxg4 31. Bxg4 Bxg4 0-1